000 00858nam a22002897a 4500
003 CHAP
005 20220329135808.0
008 971013s1993 r 00010 d
010 _a42306
011 _a43278
035 _a47414
040 _cCHAP
082 _a663.63
_bN3
100 0 0 _aNagy, Steven
_eed.
_980053
245 _aFruit juice processing technology
260 _aAuburndale, Fla. :
_bAgscience,
_c1993
300 _a712 p.
590 _aBATCH-UPD
_b10
_c20130110
_lUCH01
_h0124
590 _aBATCH-UPD
_b10
_c20130110
_lUCH01
_h2132
590 _aCONVERSION
_b10
_c20130109
_lUCH01
_h1323
650 1 4 _aJugos de fruta.
_962307
700 0 _aChen, Chin Shu
_eed.
_922126
700 0 _aShaw, Philip E.
_eed.
_9105555
901 _aBK
942 _cLIBRO
949 _a663.63 N3
_bBC
_cLIBRO
_d33724000009049
_eLIBRO
_gI.178014
_h88934
_i47414
_si
_t372.87
999 _c42306
_d42306